Statistics for Colonies, Sovereign Kingdoms and States in South Africa since 1652

Click here to take the quiz!

General Stats

  • This quiz has been taken 122 times
  • The average score is 5 of 18

Answer Stats

HintAnswer% Correct
1994- PresentSouth Africa
79%
1652-1795, 1802-1806Dutch Cape Colony
69%
1854-1902Orange Free State
56%
1884-1888New Republic
49%
1852-1877,1881-1902,1914-1915ZAR
49%
1795-1802, 1806-1910British Cape Colony
34%
1843-1910Colony of Natal
31%
1910-1861Union of South Africa
24%
1961- 1994Republic of South Africa
23%
1816-1897Zulu Kingdom
22%
1876-1891Little Free State
10%
1839-1843Natalia Republic
6%
1822-1870Sotho Kingdom
4%
1848-1854Orange River Sovereignty
3%
c.1800-1816Mtetwa Empire
2%
c.1800-1820Ndwandwe Nation
2%
1856-1860Republic of Lydenburg
2%
1854-1858Republic of Utrecht
2%

Score Distribution

Percentile by Number Answered

Percent of People with Each Score

Your Score History

You have not taken this quiz